| 000 | 00912nam a22003015i 4500 | ||
|---|---|---|---|
| 001 | 23013908 | ||
| 005 | 20240305165647.0 | ||
| 006 | m o d | ||
| 007 | cr un ---uuuua | ||
| 008 | 221215s2022 sp o 000 0 spa d | ||
| 020 | _a9788411221276 | ||
| 035 | _a38049 | ||
| 040 |
_aUtOrBLW _beng _erda _cUtOrBLW |
||
| 042 | _apcc | ||
| 043 | _ae-sp--- | ||
| 050 | 4 |
_aBX1735 _b.P47 2022 |
|
| 082 | 0 | 4 |
_a272.20946 _223 |
| 100 | 1 | _aPerona Tomás, Dionisio A. | |
| 245 | 1 | 3 |
_aEl ocaso de la Inquisición en Cuenca : _bevolución y personal / _cDionisio A. Perona Tomás. |
| 264 | 1 |
_aMadrid : _bDykinson, _c2022. |
|
| 300 | _a1 online resource (315 pages) | ||
| 336 |
_atext _btxt _2rdacontent |
||
| 337 |
_acomputer _bc _2rdamedia |
||
| 338 |
_aonline resource _bcr _2rdacarrier |
||
| 650 | 0 |
_aInquisition _zSpain _zCuenca _xHistory. |
|
| 856 | 4 | 0 | _uhttps://app.vlex.com/#/sources/38049 |
| 942 | _cRAA | ||
| 999 |
_c172547 _d172547 |
||